[Event "Styrian op-B"]
[Site "Bad Gleichenberg"]
[Date "2013.07.10"]
[Round "5"]
[White "Bodner, Alfred"]
[Black "Berchtold, Guenter"]
[Result "1/2-1/2"]
[WhiteElo "1922"]
[BlackElo "1938"]
[PlyCount "41"]
[EventDate "2013.07.06"]
[EventType "swiss"]
[EventRounds "9"]
[EventCountry "AUT"]
[SourceTitle "EXT 2015"]
[Source "ChessBase"]
[SourceDate "2014.11.20"]
[SourceVersion "1"]
[SourceVersionDate "2014.11.20"]
[SourceQuality "1"]

1. Nf3 d5 2. d4 Bf5 3. Bf4 e6 4. Nbd2 h6 5. a3 Nf6 6. c4 c6 7. h3 Nbd7 8. e3 Ne4 9. Nxe4 Bxe4 10. Be2 Nf6 11. 0-0 Bd6 12. Ne5 0-0 13. c5 Bc7 14. f3 Bh7 15. b4 a6 16. a4 Nd7 17. Qb3 Nxe5 18. dxe5 Qe7 19. Rfc1 f6 20. exf6 Rxf6 21. Bxc7 1/2-1/2

[Event "Lienz op 17th"]
[Site "Lienz"]
[Date "2013.02.13"]
[Round "6"]
[White "Higatsberger, Michael"]
[Black "Bodner, Alfred"]
[Result "1-0"]
[WhiteElo "2173"]
[BlackElo "1924"]
[PlyCount "111"]
[EventDate "2013.02.09"]
[EventType "swiss"]
[EventRounds "9"]
[EventCountry "AUT"]
[SourceTitle "CBM 152 Extra"]
[Source "ChessBase"]
[SourceDate "2013.02.25"]
[SourceVersion "1"]
[SourceVersionDate "2013.02.25"]
[SourceQuality "1"]

1. e4 c6 2. d4 d5 3. exd5 cxd5 4. c4 Nf6 5. Nc3 e6 6. Nf3 Be7 7. Bf4 Nh5 8. Be3 0-0 9. Ne5 Nf6 10. c5 Ne4 11. Nxe4 dxe4 12. Qc2 f6 13. Nc4 Qd5 14. Nd2 f5 15. Bc4 Qd7 16. g3 Nc6 17. Qa4 g5 18. Nb3 Nxd4 19. Qxd7 Nf3+ 20. Ke2 Bxd7 21. Rad1 Bc8 22. Nd4 Nxd4+ 23. Bxd4 Kf7 24. h4 gxh4 25. gxh4 f4 26. Be5 Kg6 27. Rhg1+ Kf5 28. Bd6 Bxd6 29. Rxd6 Kf6 30. Rg4 Ke7 31. Rg7+ Rf7 32. Rg8 Rf8 33. Rxf8 Kxf8 34. Rd8+ Ke7 35. Rh8 Kf6 36. Rxh7 Ke5 37. Rh8 b5 38. Bb3 Bb7 39. Rxa8 Bxa8 40. h5 Kf6 41. h6 Kg6 42. Bxe6 Kxh6 43. Bd7 b4 44. c6 Kg5 45. c7 Bb7 46. c8Q Bxc8 47. Bxc8 a5 48. Kd2 Kf6 49. f3 Ke5 50. Bb7 exf3 51. Bxf3 Kd4 52. b3 Kc5 53. Kd3 Kb5 54. Kd4 a4 55. Kd5 a3 56. Ke4 1-0

[Event "Lienz op 17th"]
[Site "Lienz"]
[Date "2013.02.11"]
[Round "4"]
[White "Bodner, Alfred"]
[Black "Frank, Emanuel"]
[Result "1-0"]
[WhiteElo "1924"]
[BlackElo "2087"]
[PlyCount "109"]
[EventDate "2013.02.09"]
[EventType "swiss"]
[EventRounds "9"]
[EventCountry "AUT"]
[SourceTitle "CBM 152 Extra"]
[Source "ChessBase"]
[SourceDate "2013.02.25"]
[SourceVersion "1"]
[SourceVersionDate "2013.02.25"]
[SourceQuality "1"]

1. Nf3 d5 2. d4 Nf6 3. g3 b5 4. Bg2 Bb7 5. 0-0 e6 6. a4 b4 7. Ne5 Be7 8. c4 bxc3 9. Nxc3 Nbd7 10. a5 a6 11. Qa4 c5 12. dxc5 Bxc5 13. Nd3 Bd6 14. Bg5 0-0 15. e4 Qc7 16. Rac1 Qc4 17. Qd1 d4 18. Nd5 Qb5 19. Nxf6+ Nxf6 20. Bxf6 gxf6 21. b4 Rac8 22. Rxc8 Rxc8 23. Qg4+ Qg5 24. Qe2 Rc3 25. f4 Qb5 26. Rd1 Bxb4 27. Qg4+ Kf8 28. Bf1 Bc5 29. f5 e5 30. Qh4 Qc6 31. Re1 Kg7 32. g4 h6 33. Qf2 Ba7 34. h4 Rc2 35. Qg3 Qc7 36. g5 hxg5 37. hxg5 Qxa5 38. gxf6+ Kxf6 39. Qh4+ Kg7 40. f6+ Kg6 41. Be2 Bxe4 42. Bh5+ Kf5 43. Qxe4+ Kxf6 44. Rf1+ Ke6 45. Bxf7+ Ke7 46. Bd5 Re2 47. Rf7+ Kd6 48. Qxe2 Qxd5 49. Rxa7 Qg8+ 50. Kf1 Qg3 51. Qxe5+ Qxe5 52. Nxe5 Kxe5 53. Ke2 Kd5 54. Kd3 Kc5 55. Rxa6 1-0

[Event "Dresden ZMD op-B 21st"]
[Site "Dresden"]
[Date "2012.08.25"]
[Round "8"]
[White "Zimmermann, Christian"]
[Black "Bodner, Alfred"]
[Result "1-0"]
[WhiteElo "1951"]
[BlackElo "1797"]
[PlyCount "47"]
[EventDate "2012.08.18"]
[EventType "swiss"]
[EventRounds "9"]
[EventCountry "GER"]
[SourceTitle "CBM 150 Extra"]
[Source "ChessBase"]
[SourceDate "2012.10.19"]
[SourceVersion "1"]
[SourceVersionDate "2012.10.19"]
[SourceQuality "1"]

1. e4 d6 2. d4 Nf6 3. Nc3 c6 4. f4 g6 5. Nf3 Bg4 6. h3 Bxf3 7. Qxf3 Bg7 8. Be3 0-0 9. 0-0-0 Qc7 10. h4 h5 11. f5 Ng4 12. Bg5 b5 13. g3 a5 14. Bh3 Nf6 15. Bxf6 exf6 16. g4 Bh6+ 17. Kb1 hxg4 18. Qxg4 Kh7 19. Rdg1 Rg8 20. fxg6+ fxg6 21. h5 Bg5 22. hxg6+ Rxg6 23. Qh5+ Kg7 24. Bf5 1-0

[Event "Dresden ZMD op"]
[Site "Dresden"]
[Date "2009.07.29"]
[Round "5"]
[White "Bodner, Alfred"]
[Black "Smagulov, Aman"]
[Result "1-0"]
[WhiteElo "2016"]
[BlackElo "1827"]
[PlyCount "122"]
[EventDate "2009.07.25"]
[EventType "swiss"]
[EventRounds "9"]
[EventCountry "GER"]
[SourceTitle "CBM 131 Extra"]
[Source "ChessBase"]
[SourceDate "2009.09.03"]
[SourceVersion "2"]
[SourceVersionDate "2009.09.16"]
[SourceQuality "1"]

1. Nf3 Nf6 2. c4 c5 3. g3 g6 4. Bg2 Bg7 5. Nc3 0-0 6. 0-0 e6 7. e4 Ng4 8. h3 Ne5 9. Nxe5 Bxe5 10. Ne2 Nc6 11. f4 Bg7 12. a3 b6 13. Rb1 Rb8 14. b4 Bb7 15. Nc3 Bd4+ 16. Kh2 d6 17. b5 Ne7 18. Ne2 Bg7 19. d3 d5 20. Qc2 dxe4 21. dxe4 Qc7 22. Ng1 Rbd8 23. Nf3 Qd6 24. Rb3 Ba8 25. Be3 Rd7 26. e5 Qc7 27. g4 Rfd8 28. a4 f6 29. exf6 Bxf6 30. Kg1 Bb7 31. Qe2 Qd6 32. Re1 Kf7 33. Ne5+ Bxe5 34. fxe5 Qxe5 35. Bxb7 Qg3+ 36. Bg2 Qxe1+ 37. Qxe1 Rd1 38. Kf2 Rxe1 39. Kxe1 Kf6 40. Ke2 g5 41. Rd3 Rxd3 42. Kxd3 h6 43. Be4 Nc8 44. Bd2 e5 45. h4 Nd6 46. hxg5+ hxg5 47. Bh7 Kg7 48. Bf5 Kf6 49. Bd7 Ke7 50. Bc6 Kf6 51. Ba8 Kg6 52. Bc3 Kf6 53. Bd5 Nc8 54. Bg8 Nd6 55. Bb2 Ne8 56. Ke4 Nd6+ 57. Kd5 Nc8 58. Bxe5+ Kg6 59. Bd6 Kf6 60. Bf8 Ne7+ 61. Bxe7+ Kxe7 1-0

[Event "Dresden ZMD op"]
[Site "Dresden"]
[Date "2009.07.28"]
[Round "4"]
[White "Zeberski, Jakub"]
[Black "Bodner, Alfred"]
[Result "1-0"]
[WhiteElo "2421"]
[BlackElo "2016"]
[PlyCount "57"]
[EventDate "2009.07.25"]
[EventType "swiss"]
[EventRounds "9"]
[EventCountry "GER"]
[SourceTitle "CBM 131 Extra"]
[Source "ChessBase"]
[SourceDate "2009.09.03"]
[SourceVersion "2"]
[SourceVersionDate "2009.09.16"]
[SourceQuality "1"]

1. e4 g6 2. d4 Bg7 3. Nc3 d6 4. f4 Nf6 5. Nf3 Bg4 6. Be3 0-0 7. Be2 Nbd7 8. 0-0 c6 9. h3 Bxf3 10. Bxf3 Qc7 11. e5 Ne8 12. Ne4 d5 13. Nf2 e6 14. g4 f6 15. exf6 Rxf6 16. Nd3 Rf7 17. Qe2 Nd6 18. Rae1 Nf6 19. Nf2 Nc4 20. Bc1 g5 21. b3 Nd6 22. fxg5 Nfe4 23. Bxe4 dxe4 24. Kg2 Rxf2+ 25. Qxf2 Rf8 26. Qg3 Rxf1 27. Rxf1 Bxd4 28. Bf4 Bc5 29. Rd1 1-0

[Event "Dresden ZMD op"]
[Site "Dresden"]
[Date "2009.07.27"]
[Round "3"]
[White "Bodner, Alfred"]
[Black "Jugelt, Tobias"]
[Result "0-1"]
[WhiteElo "2016"]
[BlackElo "2398"]
[PlyCount "74"]
[EventDate "2009.07.25"]
[EventType "swiss"]
[EventRounds "9"]
[EventCountry "GER"]
[SourceTitle "CBM 131 Extra"]
[Source "ChessBase"]
[SourceDate "2009.09.03"]
[SourceVersion "2"]
[SourceVersionDate "2009.09.16"]
[SourceQuality "1"]

1. e4 c5 2. Nf3 Nf6 3. Nc3 d5 4. exd5 Nxd5 5. Bb5+ Bd7 6. Bxd7+ Qxd7 7. Nxd5 Qxd5 8. 0-0 Nc6 9. c3 e5 10. Re1 0-0-0 11. Qa4 f6 12. a3 c4 13. d4 cxd3 14. Be3 Kb8 15. b4 a6 16. Nd2 Ne7 17. c4 Qd7 18. Qb3 Nf5 19. Bb6 Rc8 20. b5 axb5 21. cxb5 Bc5 22. Bxc5 Rxc5 23. a4 Rhc8 24. Ne4 Rc4 25. Rad1 Rd4 26. Nd2 Nh4 27. f3 Ng6 28. g3 Nf8 29. Re3 Ne6 30. Qa3 Nc5 31. Nb3 Nxb3 32. Qxb3 d2 33. Rc3 Rxc3 34. Qxc3 Qc7 35. Qxc7+ Kxc7 36. Kf2 Kb6 37. Ke2 Ka5 0-1

[Event "EU-chT Seniors 11th"]
[Site "Velden"]
[Date "2009.04.05"]
[Round "1"]
[White "Dornieden, Manfred"]
[Black "Bodner, Alfred"]
[Result "1-0"]
[WhiteElo "2264"]
[BlackElo "2023"]
[PlyCount "47"]
[EventDate "2009.04.05"]
[EventType "team-swiss"]
[EventRounds "9"]
[EventCountry "AUT"]
[SourceTitle "CBM 129 Extra"]
[Source "ChessBase"]
[SourceDate "2009.05.05"]
[SourceVersion "2"]
[SourceVersionDate "2009.05.20"]
[SourceQuality "1"]

1. c4 c5 2. Nc3 Nc6 3. g3 Nf6 4. Bg2 e6 5. Nf3 d5 6. 0-0 d4 7. Nb5 a6 8. Na3 Bd6 9. d3 Bd7 10. Nc2 b5 11. b4 bxc4 12. bxc5 Bxc5 13. dxc4 e5 14. e3 d3 15. Ncd4 e4 16. Nd2 Nxd4 17. exd4 Bxd4 18. Nxe4 Nxe4 19. Bxe4 Bxa1 20. Ba3 Be5 21. Re1 Rc8 22. Bd5 f6 23. Rxe5+ fxe5 24. Qh5+ 1-0

[Event "St Veit op"]
[Site "St Veit"]
[Date "2008.07.12"]
[Round "8"]
[White "Valent, Peter"]
[Black "Bodner, Alfred"]
[Result "0-1"]
[WhiteElo "2080"]
[BlackElo "1988"]
[PlyCount "76"]
[EventDate "2008.07.05"]
[EventType "swiss"]
[EventRounds "9"]
[EventCountry "AUT"]
[SourceTitle "CBM 125 Extra"]
[Source "ChessBase"]
[SourceDate "2008.09.01"]
[SourceVersion "1"]
[SourceVersionDate "2008.09.01"]
[SourceQuality "1"]

1. e4 g6 2. d4 Bg7 3. c4 c6 4. Be3 d6 5. Nf3 Nf6 6. Nc3 Qc7 7. h3 Nbd7 8. Be2 e5 9. 0-0 0-0 10. d5 c5 11. Nd2 a6 12. Rb1 Re8 13. Qc2 h6 14. b4 Nh7 15. bxc5 Nxc5 16. Bxc5 Qxc5 17. Na4 Qc7 18. Nb6 Rb8 19. Qa4 Rd8 20. Rfc1 Bf8 21. Qb4 Nf6 22. Nb3 Nxe4 23. Bf3 Nc5 24. Nxc5 dxc5 25. d6 Bxd6 26. Qd2 Kg7 27. Nd5 Qd7 28. Qc3 b5 29. Bg4 f5 30. f4 b4 31. Qb2 Qe6 32. Re1 fxg4 33. fxe5 Be7 34. Rf1 Rb7 35. Nf4 Qxc4 36. Rbc1 Qd4+ 37. Qxd4 Rxd4 38. Ne6+ Bxe6 0-1

[Event "Villach Admira 60 op"]
[Site "Villach"]
[Date "2006.02.13"]
[Round "4"]
[White "Frank, Paul"]
[Black "Bodner, Alfred"]
[Result "1-0"]
[WhiteElo "2132"]
[BlackElo "2041"]
[PlyCount "99"]
[EventDate "2006.02.11"]
[EventType "swiss"]
[EventRounds "9"]
[EventCountry "AUT"]
[SourceTitle "CBM 110 Extra"]
[Source "ChessBase"]
[SourceDate "2006.03.10"]
[SourceVersion "2"]
[SourceVersionDate "2006.03.10"]
[SourceQuality "1"]

1. d4 Nf6 2. Nf3 g6 3. g3 Bg7 4. Bg2 c6 5. 0-0 0-0 6. c4 d6 7. Nc3 Qc7 8. h3 Nbd7 9. e4 e5 10. Be3 h6 11. Qd2 Kh7 12. b3 Re8 13. Rad1 Nf8 14. Qc2 Nh5 15. dxe5 dxe5 16. Bc5 f6 17. Nh4 Be6 18. Qe2 Qf7 19. Kh2 Nd7 20. Ba3 Bf8 21. Bxf8 Nxf8 22. Rd6 Rad8 23. Rfd1 Rxd6 24. Rxd6 Bc8 25. Qe3 Qe7 26. c5 Ne6 27. Nf3 g5 28. Bf1 Nhg7 29. b4 Rh8 30. Bc4 Ne8 31. Rd1 h5 32. Rh1 Kg6 33. Ne2 N8c7 34. h4 g4 35. Nd2 a5 36. a3 Rd8 37. Rc1 Qd7 38. Rc2 Nd4 39. Nxd4 exd4 40. Qf4 axb4 41. axb4 Nb5 42. Bd3 Qe7 43. Nc4 Be6 44. e5+ f5 45. Nd6 Rf8 46. Nxb5 cxb5 47. Bxb5 Bd5 48. Qxd4 Rd8 49. Rd2 Kf7 50. Bc4 1-0

[Event "Villach Admira 60 op"]
[Site "Villach"]
[Date "2006.02.12"]
[Round "2"]
[White "Jeric, Simon"]
[Black "Bodner, Alfred"]
[Result "1-0"]
[WhiteElo "2328"]
[BlackElo "2041"]
[PlyCount "61"]
[EventDate "2006.02.11"]
[EventType "swiss"]
[EventRounds "9"]
[EventCountry "AUT"]
[SourceTitle "CBM 110 Extra"]
[Source "ChessBase"]
[SourceDate "2006.03.10"]
[SourceVersion "2"]
[SourceVersionDate "2006.03.10"]
[SourceQuality "1"]

1. e4 g6 2. d4 Bg7 3. h3 d6 4. g4 c6 5. a4 a5 6. Bg2 Na6 7. Ne2 Nf6 8. Be3 h5 9. g5 Nd7 10. 0-0 e5 11. c3 0-0 12. Nd2 Qe7 13. f4 exf4 14. Bxf4 Nc7 15. Nc4 Ne6 16. Bxd6 Qxg5 17. Bxf8 Bxf8 18. Qc1 Qe7 19. Qe3 Kh7 20. Qf2 f6 21. Nf4 Ng7 22. Qg3 g5 23. Nd3 h4 24. Qf3 Ra6 25. Rae1 b5 26. Ne3 b4 27. e5 fxe5 28. Ng4 c5 29. Ndxe5 Nxe5 30. Rxe5 Re6 31. Qxf8 1-0

[Event "Eger Agria op"]
[Site "Eger"]
[Date "2005.07.27"]
[Round "4"]
[White "Bodner, Alfred"]
[Black "Domany, Mihaly"]
[Result "0-1"]
[WhiteElo "2041"]
[BlackElo "2199"]
[PlyCount "68"]
[EventDate "2005.07.18"]
[EventType "swiss"]
[EventRounds "9"]
[EventCountry "HUN"]
[SourceTitle "EXT 2008"]
[Source "ChessBase"]
[SourceDate "2007.11.25"]
[SourceVersion "1"]
[SourceVersionDate "2007.11.25"]
[SourceQuality "1"]

1. c4 f5 2. Nc3 Nf6 3. Nf3 g6 4. b3 Bg7 5. Bb2 d6 6. d4 Nc6 7. g3 0-0 8. Bg2 Bd7 9. 0-0 e5 10. d5 Ne7 11. Ng5 h6 12. Nh3 f4 13. gxf4 Nh5 14. fxe5 Bxe5 15. e3 Nf5 16. Qe2 Qf6 17. Ne4 Qg7 18. Bxe5 Qxe5 19. f4 Qe7 20. Rae1 Rae8 21. Qf2 Nh4 22. Ng3 Nf6 23. e4 Ng4 24. Qd4 Nxg2 25. Kxg2 Qh4 26. Rh1 Ne3+ 27. Rxe3 Bxh3+ 28. Kf2 Qxf4+ 29. Ke2 Qf2+ 30. Kd3 Qxa2 31. Qc3 Qg2 32. Qe1 Qb2 33. Ne2 Bg2 34. Rg1 Bxe4+ 0-1

[Event "Tarragona op 4th"]
[Site "Tarragona"]
[Date "2003.09.07"]
[Round "6"]
[White "Bodner, Alfred"]
[Black "Pham Guerrero, Sergi"]
[Result "0-1"]
[WhiteElo "2059"]
[BlackElo "2183"]
[PlyCount "66"]
[EventDate "2003.09.??"]
[EventType "swiss"]
[EventRounds "7"]
[EventCountry "ESP"]
[SourceTitle "EXT 2005"]
[Source "ChessBase"]
[SourceDate "2004.11.15"]
[SourceVersion "1"]
[SourceVersionDate "2004.11.15"]
[SourceQuality "1"]

1. c4 Nf6 2. Nf3 g6 3. g3 Bg7 4. Bg2 0-0 5. 0-0 d6 6. Nc3 Nc6 7. h3 a6 8. a3 Rb8 9. d4 Na5 10. b3 c5 11. Be3 b5 12. cxb5 c4 13. b4 Nb3 14. Ra2 axb5 15. Nd2 Nxd2 16. Qxd2 d5 17. Bf4 Rb6 18. Be5 Ne4 19. Nxe4 dxe4 20. Bxg7 Kxg7 21. Rd1 Qd5 22. Qf4 Bb7 23. Qc7 Qd6 24. Qxd6 Rxd6 25. e3 Ra8 26. Rc1 Rda6 27. Rca1 Bd5 28. Bf1 Kf6 29. Be2 Ke6 30. Kf1 Kd6 31. Ke1 Kc6 32. Kd1 c3 33. a4 Bb3+ 0-1

[Event "AUT-chT2S 0102"]
[Site "Austria"]
[Date "2001.10.07"]
[Round "2.6"]
[White "Stoll, Thomas"]
[Black "Bodner, Alfred"]
[Result "1-0"]
[WhiteElo "2249"]
[BlackElo "2059"]
[PlyCount "111"]
[EventDate "2001.11.10"]
[EventType "team"]
[EventRounds "11"]
[EventCountry "AUT"]
[SourceTitle "EXT 2003"]
[Source "ChessBase"]
[SourceDate "2002.11.25"]
[SourceVersion "1"]
[SourceVersionDate "2002.11.25"]
[SourceQuality "1"]

1. d4 Nf6 2. Nf3 b6 3. Bg5 Bb7 4. Nbd2 d5 5. e3 Nbd7 6. Bd3 Ne4 7. Bh4 h6 8. Ne5 Nxe5 9. dxe5 Nc5 10. 0-0 Nxd3 11. cxd3 Qd7 12. b4 Ba6 13. Qb3 Qb5 14. Rfc1 Rc8 15. d4 e6 16. Rab1 g5 17. Bg3 Be7 18. a4 Qd3 19. Qxd3 Bxd3 20. Rb3 Bg6 21. Rc6 Kd7 22. b5 a6 23. f3 axb5 24. axb5 Ra8 25. e4 Ra1+ 26. Kf2 Rha8 27. exd5 R8a2 28. Ke2 Rg1 29. Bf2 Rxg2 30. dxe6+ fxe6 31. Rbc3 Bd8 32. Kf1 Rxf2+ 33. Kxf2 Rxd2+ 34. Ke3 Rxh2 35. d5 Bf5 36. d6 cxd6 37. Rxd6+ Ke7 38. Rc8 Kf7 39. Rcxd8 Rb2 40. Rxb6 g4 41. fxg4 Bxg4 42. Rbb8 Kg6 43. Rg8+ Kh5 44. b6 Rb5 45. b7 Rxe5+ 46. Kd4 Rd5+ 47. Kc3 Rb5 48. Rxg4 Kxg4 49. Rg8+ Kf5 50. b8Q Rxb8 51. Rxb8 h5 52. Rh8 Kg4 53. Kd3 h4 54. Ke3 h3 55. Rg8+ Kf5 56. Rg3 1-0

[Event "Jacques Lemans op 20th"]
[Site "St Veit"]
[Date "2001.07.??"]
[Round "?"]
[White "Bodner, Alfred"]
[Black "Enzendorfer, Alfred"]
[Result "1-0"]
[WhiteElo "2059"]
[BlackElo "2158"]
[PlyCount "62"]
[EventDate "2001.07.07"]
[EventType "swiss"]
[EventRounds "9"]
[EventCountry "AUT"]
[SourceTitle "EXT 2004"]
[Source "ChessBase"]
[SourceDate "2003.11.25"]
[SourceVersion "1"]
[SourceVersionDate "2003.11.25"]
[SourceQuality "1"]

1. c4 e5 2. Nc3 c5 3. Nf3 Nc6 4. e3 d6 5. Qc2 g6 6. a3 Bg7 7. Rb1 f5 8. d3 Nf6 9. b4 0-0 10. Nd5 b6 11. Be2 h6 12. 0-0 Be6 13. Nxf6+ Qxf6 14. Bd2 Kh7 15. Bc3 Qe7 16. Nd2 Bc8 17. Bf3 Bb7 18. Bd5 Nd8 19. Qa4 Ne6 20. Nb3 Rfc8 21. bxc5 dxc5 22. Na5 Bxd5 23. cxd5 Nc7 24. Nc6 Qd7 25. e4 Ne6 26. Qb3 Qd6 27. Qb2 Nd4 28. Bxd4 exd4 29. Qb5 Rc7 30. a4 Rb7 31. Qa6 Qc7 1-0